| 000 | 01172cam a2200373 a 4500 | ||
|---|---|---|---|
| 001 | 4280 | ||
| 003 | FISKH | ||
| 005 | 20240711143803.0 | ||
| 008 | 070921s2007 enka j 001 0 eng d | ||
| 010 | _a 2007299228 | ||
| 020 | _a9780756631154 (hbk.) | ||
| 020 | _a0756631157 (hbk.) | ||
| 020 | _a9780756631147 (pbk.) | ||
| 020 | _a0756631149 (pbk.) | ||
| 040 |
_aBKX _cBKX _dBAKER _dDLC _beng |
||
| 050 | 0 | 0 | _aPN1995.9.S695 |
| 082 | 0 | 4 | _a791.43/75 |
| 100 | 1 | _aBeecroft, Simon. | |
| 245 | 1 | 0 |
_aStar wars, beware the dark side / _cwritten by Simon Beecroft. |
| 246 | 3 | 0 | _aBeware the dark side |
| 260 |
_aLondon ; _aNew York : _bDK, _c2007. |
||
| 300 |
_a48 pages : _bcolor illustrations ; _c23 cm |
||
| 490 | 1 | _aDK readers. 4, Proficient readers | |
| 500 | _a"Lucas books." | ||
| 500 | _aIncludes index. | ||
| 505 | _aP | ||
| 520 | _aText and photographs from the movies describe the evil characters in the Star Wars films. | ||
| 521 | 8 |
_a650
_bLexile estimate |
|
| 521 | 8 |
_aP
_bRaz-Plus |
|
| 650 | 0 |
_aStar Wars films _vJuvenile literature. |
|
| 906 |
_a7 _bcbc _ccopycat _d2 _encip _f20 _gy-gencatlg |
||
| 942 |
_2ddc _cBK _n0 |
||
| 999 |
_c4280 _d4280 |
||